| 000 | 00482nam a2200181Ia 4500 | ||
|---|---|---|---|
| 008 | 240925s9999 xx 000 0 und d | ||
| 020 | _a9789386551313 | ||
| 082 | _a658.404 CAR | ||
| 100 | _aCarroll, John ; Morris, David | ||
| 245 | 0 | _aAgile Project Management: in easy step | |
| 250 | _a2nd | ||
| 260 |
_aNew Delhi: _bBPB Publication _c,2017. |
||
| 300 |
_axv, 359p. _b0 _fOriginal |
||
| 500 | _aIncludes Index | ||
| 600 | _aManagement | ||
| 650 | _aManagement | ||
| 942 | _cBK | ||
| 999 |
_c14106 _d14106 |
||